书目信息 |
| 题名: |
长拳竞赛套路
|
|
| 作者: | 中国武术研究院 编 | |
| 分册: | ||
| 出版信息: | 北京 人民体育出版社 1999.02 |
|
| 页数: | 185页 | |
| 开本: | 32开 | |
| 丛书名: | ||
| 单 册: | ||
| 中图分类: | G852.12 | |
| 科图分类: | ||
| 主题词: | 武术 , 民族形式体育 | |
| 电子资源: | ||
| ISBN: | 7-5009-1712-0 | |
| 000 | 00601nam0 2200205 45 | |
| 001 | 0010251943 | |
| 005 | 20001025190953.1 | |
| 010 | @a7-5009-1712-0@d8.00元 | |
| 100 | @a20001025d1999 km y0chiy0120 ea | |
| 101 | 0 | @achi |
| 105 | @a z 000yy | |
| 200 | 1 | @a长拳竞赛套路@AChang Quan Jing Sai Tao Lu@f中国武术研究院编@FZhong Guo Wu Shu Yan Jiu Yuan Bian |
| 210 | @a北京@c人民体育出版社@d1999.02 | |
| 215 | @a185页@d32开 | |
| 606 | 0 | @a武术 |
| 606 | 0 | @a民族形式体育 |
| 690 | @aG852.12@v3 | |
| 701 | 0 | @a中国武术研究院@4编 |
| 801 | @aCN@bPftUser@c20001025 | |
| 905 | @dG852.12@eZH:861@b188655-657@f3 | |
| 长拳竞赛套路/中国武术研究院编.-北京:人民体育出版社,1999.02 |
| 185页;32开 |
| ISBN 7-5009-1712-0:8.00元 |
| ● |
| 相关链接 |
|
|
|
正题名:长拳竞赛套路
索取号:G852.12/ZH:861
 
预约/预借
| 序号 | 登录号 | 条形码 | 馆藏地/架位号 | 状态 | 备注 |
| 1 | 188655 | 201886557 | 社科库409/309社科库 36排7列2层/ [索取号:G852.12/ZH:861] | 在馆 | |
| 2 | 188656 | 201886566 | 社科库409/409社科库 25排3列2层/ [索取号:G852.12/ZH:861] | 在馆 | |
| 3 | 188657 | 201886575 | 社科库409/409社科库 25排3列2层/ [索取号:G852.12/ZH:861] | 在馆 |